000 00341 a2200157 4500
001 176086
020 _a
040 _cMagnum
100 _aZambelli, Silvana
240 1 0 _aAprendendo a escrever/v.4
_lpor
245 1 0 _aAprendendo a escrever/v.4
362 0 _a1899
440 1 _aÁtica
697 _aMAGNITO: PARADIDATICO
942 _cBK
999 _c176086
_d176086